01382naa a22003377a 4500001001000000003000900010005001700019007000300036008003400039040005400073041000900127072002000136090001800156100002100174111009000195245012800285260003600413500012200449650003100571650002700602650001000629650001600639650002000655650001900675650001300694773011900707909003600826942001400862999001900876952014900895BR7807593BR-BrBNA20240918174255.0ta230509b bl.||||| |||| 00| 0 por d aBR-BrBNAbporcBiblioteca Nacional de Agricultura a(Pt) aE30; S00b/G514 aE30 BR78075931 aSantos, T.D. dos1 a1. Simposio Nacional de Alimentacao e NutricaocBrasilia, DF (Brazil)d13-16 Aug 19781 aAcoes sociais em projetos de promocao de agricultures de baixa renda [nutricao humana, politica de desenvolvimento, Brasil]3 aBrasilia, DF (Brasil): c1978.  a1. Simposio Nacional de Alimentacao e Nutricao - PRONUTRAL Brasilia, DF (Brasil): 1978. p. 247-256 (BR7807593-AM)E30  aPROJETO DE DESENVOLVIMENTO aDESENVOLVIMENTO SOCIAL aSAUDE aBAIXA RENDA aNUTRICAO HUMANA aEXTENSAO RURAL aDIRETRIZ0 t1. Simposio Nacional de Alimentacao e Nutricao - PRONUTRALwE30 BR7807593gBrasilia, DF (Brasil), 1978. p. 247-256 a202404bLuciac55dLucia Elande cAM2AGRIS c310041d310041 002AGRIS40708Acervo Gerala41918b41918cAgrobasel0o0120 BR7807588r2024-05-20t01yAM10d2024-04-11ePortaria Interministerial nÂș 164/94